[Event "Ruhrgebiet Verbandsklasse Gruppe 1 1415"]
[Site "Germany"]
[Date "2015.03.01"]
[Round "7.8"]
[White "Kandelaki, Ervand"]
[Black "Klamet, Walter"]
[Result "1-0"]
[WhiteElo "1680"]
[BlackElo "1705"]
[PlyCount "89"]
[EventDate "2014.09.21"]
[EventType "team-tourn"]
[EventRounds "9"]
[EventCountry "GER"]
[SourceTitle "EXT 2022"]
[Source "ChessBase"]
[SourceDate "2021.10.06"]
[SourceVersion "1"]
[SourceVersionDate "2021.10.06"]
[SourceQuality "1"]
[WhiteTeam "Bochum SG IV"]
[BlackTeam "Oberhausen SW"]
[WhiteTeamCountry "GER"]
[BlackTeamCountry "GER"]

1. e4 c5 2. Nf3 d6 3. d4 cxd4 4. Nxd4 Nf6 5. Nc3 g6 6. Bc4 Bg7 7. f3 a6 8. Be3 Bd7 9. Qd2 Nc6 10. 0-0-0 h5 11. Kb1 Rc8 12. Bb3 Qa5 13. Nd5 Qxd2 14. Rxd2 Na5 15. Nb6 Nxb3 16. Nxb3 Rc7 17. Rhd1 Nh7 18. Nxd7 Rxd7 19. f4 0-0 20. e5 Rfd8 21. Nc5 Rc7 22. exd6 exd6 23. Rxd6 Re8 24. Rd8 Nf6 25. Rxe8+ Nxe8 26. Rd7 b6 27. Rxc7 Nxc7 28. Nd7 b5 29. g3 Nd5 30. Bc5 h4 31. c3 hxg3 32. hxg3 f6 33. Bd4 Kf7 34. Nc5 Nc7 35. Kc2 Bf8 36. Ne4 Be7 37. Bc5 Bd8 38. Kd3 Ke6 39. Bb6 Ke7 40. Nc5 Nd5 41. Bxd8+ Kxd8 42. Nxa6 Kd7 43. Nc5+ Kd6 44. Nb3 Nb6 45. Nd4 1-0